[Event "Titled Tuesday intern op 02nd Apr Early"]
[Site "Chess.com INT"]
[Date "2024.04.02"]
[Round "2"]
[White "Labussiere, Yago"]
[Black "Domin, Yan"]
[Result "1-0"]
[WhiteElo "2184"]
[BlackElo "2131"]
[PlyCount "149"]
[EventDate "2024.04.02"]
[EventType "swiss (blitz)"]
[EventRounds "11"]
[EventCountry "USA"]
[SourceTitle "CB15_2024"]
[SourceDate "2024.04.10"]
[SourceVersion "1"]
[SourceVersionDate "2024.04.10"]
[SourceQuality "1"]

1. c4 g6 2. g3 Bg7 3. Bg2 c5 4. Nc3 Nc6 5. e3 d6 6. Nge2 Nf6 7. 0-0 0-0 8. d4 e5 9. dxc5 dxc5 10. Nd5 Be6 11. Nec3 h5 12. b3 Qd7 13. Nxf6+ Bxf6 14. Qxd7 Bxd7 15. Nd5 Bg7 16. Bb2 Rad8 17. Rfd1 f5 18. h4 e4 19. Bxg7 Kxg7 20. Bf1 Ne5 21. Be2 Be6 22. Nf4 Kf6 23. Kf1 Bf7 24. Ke1 Ke7 25. Rxd8 Rxd8 26. Rd1 Rxd1+ 27. Kxd1 Kd6 28. Kd2 Kc6 29. Kc3 a6 30. Ng2 b5 31. cxb5+ axb5 32. Ne1 b4+ 33. Kb2 Kb6 34. a3 bxa3+ 35. Kxa3 Be8 36. Ng2 Bf7 37. Nf4 Ka5 38. Ng2 Nd3 39. Bxd3 exd3 40. Kb2 Kb4 41. Nf4 d2 42. Kc2 d1Q+ 43. Kxd1 Kxb3 44. Kd2 Kb2 45. Nd3+ Kb3 46. Nxc5+ Kc4 47. Nd3 Kd5 48. Ke2 Ke4 49. f3+ Kd5 50. Kd2 Be8 51. Kc3 Ke6 52. Nf4+ Kf6 53. Kd4 Ba4 54. e4 fxe4 55. fxe4 Bd7 56. Nd5+ Kf7 57. Nf4 Bg4 58. Ke5 Bd1 59. Nd5 Bc2 60. Kf4 Bd1 61. e5 Bg4 62. Nf6 Bf5 63. Ne4 Ke6 64. Ng5+ Ke7 65. Ke3 Bb1 66. Kd4 Bf5 67. Kd5 Bb1 68. e6 Bf5 69. Ke5 Bb1 70. Nf3 Bc2 71. Nd4 Bb1 72. Nc6+ Ke8 73. Kf6 Be4 74. Ne5 Bb1 75. Nf7 1-0

[Event "Titled Tuesday intern op 06th Feb Early"]
[Site "Chess.com INT"]
[Date "2024.02.06"]
[Round "10"]
[White "Domin, Yan"]
[Black "Hubbard, Andrew"]
[Result "1-0"]
[WhiteElo "2209"]
[BlackElo "2109"]
[PlyCount "113"]
[EventDate "2024.02.06"]
[EventType "swiss (blitz)"]
[EventRounds "11"]
[EventCountry "USA"]
[SourceTitle "CB07_2024"]
[SourceDate "2024.02.14"]
[SourceVersion "1"]
[SourceVersionDate "2024.02.14"]
[SourceQuality "1"]

1. e4 e6 2. d4 d5 3. e5 c5 4. c3 Nc6 5. Nf3 Bd7 6. Be2 f6 7. 0-0 fxe5 8. Nxe5 Nxe5 9. dxe5 Ne7 10. Bg5 Qc7 11. Re1 Nc6 12. Bf1 g6 13. Bf6 Rg8 14. Nd2 Bg7 15. Qg4 Nxe5 16. Bxe5 Bxe5 17. Nf3 Bd6 18. Rxe6+ Kf7 19. Ng5+ Kg7 20. Bd3 Rae8 21. Rae1 Rxe6 22. Nxe6+ Bxe6 23. Qxe6 Bxh2+ 24. Kh1 Bd6 25. Qxd5 Rd8 26. Qe6 Qd7 27. Qe4 Rf8 28. Kg1 Rf4 29. Qe3 Qc6 30. g3 Rf7 31. Be4 Qd7 32. Bd5 Re7 33. Be4 Qh3 34. Rd1 Bc7 35. Qxc5 Bb6 36. Qxe7+ Kh6 37. Rd4 Bxd4 38. cxd4 Qg4 39. Qh4+ Qxh4 40. gxh4 Kg7 41. d5 Kf6 42. d6 Ke6 43. Bxb7 Kxd6 44. Kg2 Kc5 45. Kg3 Kd4 46. Kg4 Kd3 47. Kg5 Kc2 48. Be4+ Kxb2 49. a4 Kb3 50. a5 a6 51. Bb7 Kb4 52. Bxa6 Kxa5 53. Bd3 Kb4 54. Bxg6 Kc3 55. Bxh7 Kd4 56. Bf5 Kc3 57. Kf6 1-0

[Event "Titled Tuesday intern op 06th Feb Early"]
[Site "Chess.com INT"]
[Date "2024.02.06"]
[Round "8"]
[White "Urazayev, Arystanbek"]
[Black "Domin, Yan"]
[Result "1-0"]
[WhiteElo "2476"]
[BlackElo "2209"]
[PlyCount "42"]
[EventDate "2024.02.06"]
[EventType "swiss (blitz)"]
[EventRounds "11"]
[EventCountry "USA"]
[SourceTitle "CB07_2024"]
[SourceDate "2024.02.14"]
[SourceVersion "1"]
[SourceVersionDate "2024.02.14"]
[SourceQuality "1"]

1. d4 Nf6 2. Nf3 g6 3. Nbd2 Bg7 4. e4 d5 5. e5 Ne4 6. Bd3 Nxd2 7. Bxd2 0-0 8. h4 h5 9. Ng5 c5 10. c3 Nc6 11. Be3 cxd4 12. cxd4 e6 13. 0-0 Bd7 14. a3 Na5 15. Rc1 Rc8 16. Rxc8 Qxc8 17. g4 hxg4 18. Qxg4 a6 19. h5 Qe8 20. hxg6 fxg6 21. Qh3 Rf4 1-0

[Event "Wch U16"]
[Site "Montesilvano"]
[Date "2023.11.22"]
[Round "9"]
[White "Domin, Yan"]
[Black "Krawczyk, Flawian"]
[Result "1-0"]
[WhiteElo "2106"]
[BlackElo "2288"]
[PlyCount "91"]
[EventDate "2023.11.13"]
[EventType "swiss"]
[EventRounds "11"]
[EventCountry "ITA"]
[SourceTitle "CB48_2023"]
[SourceDate "2023.11.29"]
[SourceVersion "1"]
[SourceVersionDate "2023.11.29"]
[SourceQuality "1"]

1. e4 c6 2. d4 d5 3. e5 Bf5 4. Nf3 e6 5. Be2 Nd7 6. 0-0 Ne7 7. Nbd2 h6 8. Re1 Bg6 9. Nf1 c5 10. c4 cxd4 11. Nxd4 a6 12. Bf3 Nb6 13. Ne3 dxc4 14. Bxb7 Ra7 15. Bc6+ Nxc6 16. Nxc6 Qxd1 17. Rxd1 Rd7 18. Bd2 Bc5 19. Rac1 Bd3 20. Nb8 Ra7 21. Ba5 0-0 22. Nc6 Rb7 23. Rxd3 cxd3 24. Rxc5 Na4 25. Rc4 Nxb2 26. Rb4 Rxb4 27. Bxb4 Ra8 28. Kf1 Kh7 29. Ke1 Rc8 30. Ba3 Na4 31. Nd4 Rc3 32. Nb3 Rc8 33. Bb4 Rb8 34. Bd6 Rc8 35. Kd2 Nc3 36. a3 Ne4+ 37. Kxd3 f5 38. Kd4 Nxf2 39. Nc5 f4 40. Nc4 g5 41. Nxe6 Kg6 42. Nc7 Kf5 43. Nb6 Rd8 44. Nbd5 g4 45. Ne7+ Kg5 46. Ne6+ 1-0

[Event "Kiev Malakhatko Memorial"]
[Site "Kiev"]
[Date "2023.07.15"]
[Round "11"]
[White "Shishkin, Vadim"]
[Black "Domin, Yan"]
[Result "1-0"]
[WhiteElo "2406"]
[BlackElo "1951"]
[PlyCount "69"]
[EventDate "2023.07.15"]
[EventType "tourn (blitz)"]
[EventRounds "15"]
[EventCountry "UKR"]
[SourceTitle "CBM 215 Extra"]
[Source "ChessBase"]
[SourceDate "2023.09.30"]
[SourceVersion "1"]
[SourceVersionDate "2023.09.30"]
[SourceQuality "1"]

1. d4 Nf6 2. c4 c5 3. d5 e6 4. Nc3 exd5 5. cxd5 d6 6. e4 g6 7. f4 Bg7 8. Bb5+ Nfd7 9. Bd3 0-0 10. Nf3 Na6 11. 0-0 Nc7 12. a4 Na6 13. Be3 Nb4 14. Re1 a6 15. Bf1 Re8 16. Nd2 Rb8 17. h3 f5 18. Bf2 fxe4 19. Ndxe4 Nf6 20. Ng5 Rxe1 21. Bxe1 Bf5 22. Bf2 Nc2 23. g4 Nxa1 24. gxf5 Nh5 25. fxg6 hxg6 26. Ne6 Qf6 27. Qxa1 Nxf4 28. Nxf4 Qxf4 29. Qe1 Be5 30. Bg2 Rf8 31. Ne4 Qh2+ 32. Kf1 Kg7 33. Qe2 Bd4 34. Qg4 Qg1+ 35. Kxg1 1-0

[Event "Kiev Spring op"]
[Site "Kiev"]
[Date "2023.03.29"]
[Round "7"]
[White "Borysiuk, Sofiia Khrystyna"]
[Black "Domin, Yan"]
[Result "0-1"]
[WhiteElo "1503"]
[BlackElo "1908"]
[PlyCount "54"]
[EventDate "2023.03.25"]
[EventType "swiss"]
[EventRounds "9"]
[EventCountry "UKR"]
[SourceTitle "EXT 2024"]
[Source "ChessBase"]
[SourceDate "2023.10.10"]
[SourceVersion "1"]
[SourceVersionDate "2023.10.10"]
[SourceQuality "1"]

1. d4 Nf6 2. c4 g6 3. Nc3 d5 4. cxd5 Nxd5 5. e4 Nxc3 6. bxc3 Bg7 7. Nf3 c5 8. Bc4 0-0 9. 0-0 cxd4 10. cxd4 Nc6 11. Be3 Bg4 12. Rb1 Bxd4 13. Bd5 Bxe3 14. fxe3 Bxf3 15. Rxf3 Ne5 16. Rf2 Rb8 17. Rd2 Qa5 18. Rxb7 Rxb7 19. Bxb7 e6 20. Rb2 Rd8 21. Qe2 Qc3 22. h3 h5 23. Rc2 Qa1+ 24. Kh2 Kg7 25. Rd2 Rb8 26. Qa6 Qc3 27. Re2 Qc7 0-1